=LDR 00000nam 2200000 4500 =001 000271 =990 ##$$a TBM202500080 =005 20250710123925 =035 ##$$a 0010-0725000108 =245 1#$$a Kaus Merahku /$c Rohini Nilekani =100 #$$a Nilekani, Rohini =250 ##$$a Cetakan Pertama =300 ##$$a 20 hlm. : $b ilus. ; $c 22,9 cm =260 ##$$a Jakarta :$b Badan Pengembangan dan Pembinaan Bahasa,$c 2022 =082 ##$$a 398.209 598 =084 ##$$a 398.209 598 NIL k =020 ##$$a 978-623-472-144-7 =650 #4$$a CERITA ANAK INDONESIA-TERJEMAHAN-INGGRIS =600 #4$$a LITERASI-BAHAN BACAAN